1881 1268 1939 1447 1498 1942 1699 1042 1224 1302 1730 1333 1284 1669 1954 1403 1999 1991 1708 1642 1169 1063 1406 1389 1917 1890 1972 1995 1814 1082 1757 1601 1155 1691 1028 1068 1917 1065 1237 1954 1145 1800 1064 1372 1458 1646 1940 1970 1839 1959 1995 1064 1158 1233 1585 1549 1028 1847 1143 1972 1675 1816 1864 1710 1446 1569 1696 1351 1764 1250 1770 1079 1148 1892 1146 1893 1480 1435 1494 1046 1813 1380 1249 1363 1314 1362 1413 1884 1367 1853 1639 1333 1454 1463 1913 1888 1123 1234 1998 BCNSPRNW ULIB Ver.6.0+V

เปลี่ยนเป็นภาษาไทย

Change to English
 แสดงรายละเอียดบรรณานุกรม
  กลับหน้าหลัก

Brief Record : Get Marc (ISO 2709) : E-mail record : QR code < ปิดหน้าต่าง
LEADER : 00000nam 2200000uu 4500
001    13399115151
003     ULIB
008    110627s2550||||th 000 0 tha d
020    9749916484
090    นว.^bซ534ข
245 00 ขอที่ว่างข้างๆเธอ/^cซ
250    พิมพ์ครั้งที่ 1
260    กรุงเทพฯ :^bแพรวสำนักพิมพ์,^c2550
300    391 หน้า
710 1  แพรวสำนักพิมพ์
945    ^p275^l0^i021042
995    ทศพร
999 ^a ใช้งานได้ทุกระบบ
รายการนี้ยังไม่มีแท็ก
คุณยังไม่ได้ล็อกอิน คุณสามารถมีกิจกรรมร่วมกับเว็บไซต์ได้ แต่ต้องล็อกอินก่อน ::
  ล็อกอิน

รายการสื่อสารสนเทศ

ลำดับที่ ประเภท เลขเรียก/บาร์โค้ด สถานที่ สถานะ
1. นวนิยาย
นวนิยาย
นว. ซ534ข ฉ.1 
  Barcode: 021042
ห้องสมุดวิทยาเขตสวรรค์ประชารักษ์
►นวนิยาย
บนชั้น
  ขอยืม

BibComment


ยังไม่เคยถูกคอมเมนท์

คอมเมนท์ทรัพยากรรายการนี้
  คอมเมนท์: ขอที่ว่างข้างๆเธอ ซ


 Copyright 2026. Bcnsprnw @Library